Complete business statistics / (Record no. 11202)

MARC details
000 -LEADER
fixed length control field 01667cam a2200397 i 4500
001 - CONTROL NUMBER
control field 15050620
003 - CONTROL NUMBER IDENTIFIER
control field EG-ScBUE
005 - DATE AND TIME OF LATEST TRANSACTION
control field 20241118111857.0
006 - FIXED-LENGTH DATA ELEMENTS--ADDITIONAL MATERIAL CHARACTERISTICS--GENERAL INFORMATION
fixed length control field m||||fq||h 00| 0
008 - FIXED-LENGTH DATA ELEMENTS--GENERAL INFORMATION
fixed length control field 071019t2009 nyua f b 001 0 eng d
020 ## - INTERNATIONAL STANDARD BOOK NUMBER
International Standard Book Number 9780073373607 (alk. paper)
020 ## - INTERNATIONAL STANDARD BOOK NUMBER
International Standard Book Number 0073373605 (alk. paper)
040 ## - CATALOGING SOURCE
Original cataloging agency DLC
Language of cataloging eng
Description conventions rda
Transcribing agency DLC
Modifying agency DLC
-- EG-ScBUE
082 04 - DEWEY DECIMAL CLASSIFICATION NUMBER
Classification number 519.5
Edition number 22
Item number ACZ
100 1# - MAIN ENTRY--PERSONAL NAME
Personal name Aczel, Amir D.,
Relator term author.
9 (RLIN) 3227
245 10 - TITLE STATEMENT
Title Complete business statistics /
Statement of responsibility, etc Amir D. Aczel, Boston University, University of New Hampshire, Jayavel Sounderpandian, University of Wisconsin-Parkside.
250 ## - EDITION STATEMENT
Edition statement Seventh edition.
264 #1 - PUBLICATION, DISTRIBUTION, ETC. (IMPRINT)
Place of publication, distribution, etc New York :
Name of publisher, distributor, etc McGraw-Hill/Irwin,
Date of publication, distribution, etc [2009]
264 #4 - PUBLICATION, DISTRIBUTION, ETC. (IMPRINT)
Date of publication, distribution, etc c2009
300 ## - PHYSICAL DESCRIPTION
Extent xxii, 804 pages :
Other physical details color illustrations ;
Dimensions 28 cm. +
Accompanying material 1 CD
336 ## - CONTENT TYPE
Source rdacontent
Content type term text
Content type code txt
336 ## - CONTENT TYPE
Source rdacontent
Content type term sounds
Content type code snd
337 ## - MEDIA TYPE
Media type term unmediated
Source rdamedia
Media type code n
337 ## - MEDIA TYPE
Media type term audio
Source rdamedia
Media type code s
338 ## - CARRIER TYPE
Carrier type term volume
Carrier type code nc
Source rdacarrier
338 ## - CARRIER TYPE
Carrier type term computer disc
Carrier type code cd
Source rdacarrier
490 0# - SERIES STATEMENT
Series statement The McGraw-Hill/Irwin series Operations and decision sciences
504 ## - BIBLIOGRAPHY, ETC. NOTE
Bibliography, etc Includes bibliographical references and index.
538 ## - SYSTEM DETAILS NOTE
System details note Systems requirements for accompanying disc: PC Pentilum Based Processor, Microsoft Windows 2000/XP/Vista, Microsoft Internet Explorer 5.5 as Default Browser, Microsoft Office or Equivalent.
650 #7 - SUBJECT ADDED ENTRY--TOPICAL TERM
Topical term or geographic name as entry element Commercial statistics.
Source of heading or term BUEsh
9 (RLIN) 3228
650 #7 - SUBJECT ADDED ENTRY--TOPICAL TERM
Topical term or geographic name as entry element Statistics.
Source of heading or term BUEsh
9 (RLIN) 3229
655 ## - INDEX TERM--GENRE/FORM
Form subdivision Reading book
700 1# - ADDED ENTRY--PERSONAL NAME
Personal name Sounderpandian, Jayavel,
Relator term author.
9 (RLIN) 3230
942 ## - ADDED ENTRY ELEMENTS (KOHA)
Source of classification or shelving scheme Dewey Decimal Classification
Koha item type Book - Borrowing
Holdings
Withdrawn status Lost status Source of classification or shelving scheme Damaged status Not for loan Collection code Home library Current library Shelving location Date acquired Source of acquisition Cost, normal purchase price Serial Enumeration / chronology Total Checkouts Full call number Barcode Date last seen Price effective from Koha item type
    Dewey Decimal Classification     Baccah Central Library Central Library First floor 07/04/2009 Purchase 198.40 6993   519.5 ACZ 000015792 15/07/2025 07/04/2009 Book - Borrowing
    Dewey Decimal Classification     Baccah Central Library Central Library First floor 07/04/2009 Purchase       519.5 ACZ 000015793 24/08/2022 07/04/2009 CD | DVD - With book